| 000 | 01135nam a2200313 i 4500 | ||
|---|---|---|---|
| 003 | DO-SdBNP | ||
| 005 | 20251003115239.0 | ||
| 007 | ta | ||
| 008 | 251003e2016 dr a|||| |||| 00| 0 spa d | ||
| 040 |
_aDO-SdBNP _bspa _cBNPHU _erda |
||
| 041 | _aspa | ||
| 082 | 4 |
_axxx _bR129 _222 |
|
| 110 | 1 |
_aRadio Santa María _922562 |
|
| 245 | 1 |
_a¡Oh, madre tierra! / _ccoordinación, José Victoriano, José E. Pérez Sánchez ; ilustraciones, Cristian Félix, Carmen Teresa Mora |
|
| 250 | _aSegunda edición | ||
| 264 | 1 |
_aSanto Domingo : _bEdiciones Radio Santa María , _c2016. |
|
| 300 |
_a58 páginas : _bilustraciones ; _c28 cm. |
||
| 336 |
_atexto _btxt _2rdacontent |
||
| 337 |
_asin mediación _bn _2rdamedia |
||
| 338 |
_avolumen _bnc _2rdacarrier |
||
| 490 | 1 | _aColección Historietas Educativas ; | |
| 590 | _aInventariado 2025/ YL | ||
| 700 | 1 |
_aVictoriano, José _ecoordinador _4co. _988655 |
|
| 700 | 1 |
_aPérez Sánchez, José E. _ecoordinador, _4co. _988656 |
|
| 700 | 1 |
_a Félix, Cristian _eilustrador _4il. _984991 |
|
| 700 | 1 |
_aMora, Carmen Teresa _eilustrador _4il. _988657 |
|
| 910 | _aYLockward | ||
| 942 |
_2ddc _cLBS1 |
||
| 999 |
_c59916 _d59916 |
||